[Event "Barcelona Sant Marti op-A 25th"]
[Site "Barcelona"]
[Date "2025.07.21"]
[Round "9"]
[White "Aguero Jimenez, Luis Lazaro"]
[Black "Nagare, Kaivalya Sandip"]
[Result "0-1"]
[WhiteElo "2483"]
[BlackElo "2321"]
[PlyCount "118"]
[EventDate "2025.07.13"]
[EventType "swiss"]
[EventRounds "9"]
[EventCountry "ESP"]
[SourceTitle "CB30_2025"]
[SourceDate "2025.07.23"]
[SourceVersion "1"]
[SourceVersionDate "2025.07.23"]
[SourceQuality "1"]

1. e4 c5 2. Nf3 d6 3. Bb5+ Nd7 4. 0-0 Ngf6 5. Re1 a6 6. Bd3 e5 7. c3 Be7 8. Bc2 0-0 9. d4 b5 10. Nbd2 cxd4 11. cxd4 Bb7 12. Nf1 Re8 13. Ng3 Bf8 14. d5 g6 15. h3 Bg7 16. Bg5 h6 17. Be3 Nb6 18. b3 Rc8 19. Qd2 Kh7 20. Rac1 Nbd7 21. Nh2 Qe7 22. b4 Rc7 23. Bd3 Rec8 24. a4 bxa4 25. Ra1 Qe8 26. Qd1 Rc3 27. Ne2 R3c7 28. Rxa4 h5 29. Nf3 Kg8 30. Nd2 Nb8 31. Qb3 Qf8 32. Bb6 Re7 33. Nc4 Nxd5 34. exd5 e4 35. Bb1 Bxd5 36. b5 axb5 37. Qxb5 Bc6 38. Qa5 Bxa4 39. Qxa4 Nd7 40. Be3 d5 41. Nd6 Rb8 42. Nb5 Nb6 43. Qd1 Nc4 44. Nbd4 Reb7 45. Bc2 Nxe3 46. fxe3 Qc5 47. Ba4 Rb1 48. Qxb1 Rxb1 49. Rxb1 Qa5 50. Bb3 Qd2 51. Kf2 Bh6 52. Nc2 d4 53. Ncxd4 Qxe3+ 54. Kf1 Bg5 55. Nc2 Qd3 56. Ba4 Bh4 57. Rb8+ Kg7 58. Ne1 Qd6 59. Rb3 Qf6+ 0-1

[Event "Barcelona Sant Marti op-A 25th"]
[Site "Barcelona"]
[Date "2025.07.20"]
[Round "8"]
[White "Aakash, G2."]
[Black "Aguero Jimenez, Luis Lazaro"]
[Result "1/2-1/2"]
[WhiteElo "2126"]
[BlackElo "2483"]
[PlyCount "69"]
[EventDate "2025.07.13"]
[EventType "swiss"]
[EventRounds "9"]
[EventCountry "ESP"]
[SourceTitle "CB30_2025"]
[SourceDate "2025.07.23"]
[SourceVersion "1"]
[SourceVersionDate "2025.07.23"]
[SourceQuality "1"]

1. d4 d5 2. Bf4 c5 3. e3 Nc6 4. Nf3 cxd4 5. exd4 Nf6 6. c3 Bg4 7. Nbd2 a6 8. Qb3 Na5 9. Qc2 Bxf3 10. Nxf3 e6 11. Bd3 Bd6 12. Bg5 h6 13. Bh4 Qc7 14. 0-0 Nd7 15. Rfe1 0-0 16. Qe2 Nc6 17. c4 dxc4 18. Bxc4 Rac8 19. Rac1 Na5 20. Bd3 Qxc1 21. Qe4 g6 22. Rxc1 Rxc1+ 23. Bf1 Rfc8 24. g4 g5 25. Bg3 Nf6 26. Qd3 Bxg3 27. hxg3 R8c2 28. d5 exd5 29. Qf5 Ne4 30. Qxd5 Nxf2 31. Nxg5 hxg5 32. Qxg5+ Kf8 33. Qd8+ Kg7 34. Qg5+ Kf8 35. Qd8+ 1/2-1/2

[Event "Barcelona Sant Marti op-A 25th"]
[Site "Barcelona"]
[Date "2025.07.13"]
[Round "1"]
[White "Athvik, M."]
[Black "Aguero Jimenez, Luis Lazaro"]
[Result "0-1"]
[WhiteElo "2082"]
[BlackElo "2483"]
[PlyCount "122"]
[EventDate "2025.07.13"]
[EventType "swiss"]
[EventRounds "9"]
[EventCountry "ESP"]
[SourceTitle "CB30_2025"]
[SourceDate "2025.07.23"]
[SourceVersion "1"]
[SourceVersionDate "2025.07.23"]
[SourceQuality "1"]

1. d4 Nf6 2. Bg5 Ne4 3. Bf4 c5 4. f3 Qa5+ 5. c3 Nf6 6. d5 Qb6 7. b3 d6 8. e4 g6 9. Bd3 Bg7 10. Ne2 0-0 11. Nd2 Re8 12. Nc4 Qc7 13. a4 Nh5 14. Qd2 Nxf4 15. Qxf4 Nd7 16. 0-0 b6 17. Qg3 a6 18. f4 Bb7 19. h4 b5 20. Nd2 c4 21. bxc4 b4 22. Rab1 bxc3 23. Nb3 e6 24. Rfc1 exd5 25. cxd5 Rac8 26. Kh1 Qd8 27. Rc2 Nf6 28. Qf3 Nh5 29. g4 Qxh4+ 30. Kg2 Nf6 31. g5 Qg4+ 32. Qxg4 Nxg4 33. Kf3 f5 34. gxf6 Nxf6 35. Na5 Ba8 36. Rb6 g5 37. fxg5 Nd7 38. Rxd6 Ne5+ 39. Ke3 Rf8 40. Ng1 Ng4+ 41. Ke2 Rf2+ 42. Ke1 Rxc2 43. Bxc2 Ne3 44. Bd3 c2 45. Ne2 Bc3+ 46. Kf2 Nd1+ 47. Kf3 Bxa5 48. Bxc2 Rxc2 49. Rxa6 Bxd5 50. exd5 Bb4 51. Rb6 Bf8 52. Nd4 Rf2+ 53. Kg3 Bc5 54. Rb8+ Kf7 55. Rb7+ Kg6 56. Ne6 Bd6+ 57. Kh3 Be5 58. a5 Ne3 59. Nf8+ Rxf8 60. a6 Rf3+ 61. Kh4 Nf5+ 0-1

[Event "Barbera del Valles op 47th"]
[Site "Barbera del Valles"]
[Date "2025.07.10"]
[Round "7"]
[White "Ruiz Buendia, Miguel"]
[Black "Aguero Jimenez, Luis Lazaro"]
[Result "0-1"]
[WhiteElo "2368"]
[BlackElo "2483"]
[PlyCount "82"]
[EventDate "2025.07.04"]
[EventType "swiss"]
[EventRounds "8"]
[EventCountry "ESP"]
[SourceTitle "CB29_2025"]
[SourceDate "2025.07.16"]
[SourceVersion "1"]
[SourceVersionDate "2025.07.16"]
[SourceQuality "1"]

1. e4 c6 2. Nc3 d5 3. Nf3 Nf6 4. e5 Ne4 5. d4 Qa5 6. Be2 Bg4 7. 0-0 Nxc3 8. bxc3 e6 9. Rb1 b5 10. Bd2 Qa4 11. Ra1 Nd7 12. Qb1 Nb6 13. Qb3 Ba3 14. h3 Bxf3 15. Bxf3 Nc4 16. Bc1 0-0 17. Bxa3 Nxa3 18. Rac1 c5 19. dxc5 Rfc8 20. Qb4 a5 21. Qd4 Qc4 22. Qxc4 bxc4 23. Bd1 Rxc5 24. f4 g6 25. g4 Rb5 26. f5 Rab8 27. fxe6 fxe6 28. g5 Rf8 29. Bg4 Rb6 30. h4 Kg7 31. h5 Rxf1+ 32. Rxf1 gxh5 33. Bxh5 Rb1 34. Bg4 Rxf1+ 35. Kxf1 Kf7 36. Bh5+ Ke7 37. Ke2 Nb1 38. Ke3 Nxc3 39. Kd4 Nxa2 40. c3 a4 41. Bd1 a3 0-1

[Event "Barcelona GM 06"]
[Site "Barcelona"]
[Date "2025.06.27"]
[Round "4"]
[White "Cesar Maestre, Bernardo"]
[Black "Aguero Jimenez, Luis Lazaro"]
[Result "1-0"]
[WhiteElo "2370"]
[BlackElo "2483"]
[PlyCount "63"]
[EventDate "2025.06.25"]
[EventType "tourn"]
[EventRounds "9"]
[EventCountry "ESP"]
[EventCategory "7"]
[SourceTitle "CB28_2025"]
[SourceDate "2025.07.09"]
[SourceVersion "1"]
[SourceVersionDate "2025.07.09"]
[SourceQuality "1"]

1. e4 c5 2. Nf3 e6 3. d4 cxd4 4. Nxd4 Nf6 5. Nc3 Nc6 6. Nxc6 bxc6 7. e5 Nd5 8. Ne4 Bb7 9. c4 Nb4 10. Bg5 Qb8 11. Nd6+ Bxd6 12. exd6 c5 13. a3 Nc6 14. Be3 0-0 15. Bxc5 e5 16. Be2 Nd4 17. Bxd4 exd4 18. Qxd4 Re8 19. f3 Qd8 20. Kf2 Qg5 21. Rhe1 f5 22. Bf1 f4 23. Rxe8+ Rxe8 24. Qxa7 Qe5 25. Qb6 Bc6 26. Kg1 Qxd6 27. b4 Qd2 28. b5 Ba8 29. Qf2 Qc3 30. Rd1 Qxa3 31. Rxd7 Re3 32. Qd2 1-0

[Event "Titled Tuesday intern op 04th Feb Early"]
[Site "Chess.com INT"]
[Date "2025.02.04"]
[Round "2"]
[White "Tavernier, Loris"]
[Black "Aguero Jimenez, Luis Lazaro"]
[Result "0-1"]
[WhiteElo "2082"]
[BlackElo "2473"]
[PlyCount "71"]
[EventDate "2025.02.04"]
[EventType "swiss (blitz)"]
[EventRounds "11"]
[EventCountry "USA"]
[SourceTitle "CB07_2025"]
[SourceDate "2025.02.12"]
[SourceVersion "1"]
[SourceVersionDate "2025.02.12"]
[SourceQuality "1"]

1. e4 c5 2. d4 cxd4 3. c3 d3 4. Nf3 Nc6 5. Bxd3 e5 6. c4 Bb4+ 7. Bd2 Bxd2+ 8. Qxd2 Nf6 9. 0-0 d6 10. Nc3 Bg4 11. Qe3 Bxf3 12. Qxf3 Nd4 13. Qd1 0-0 14. Rc1 Nd7 15. b3 Nc5 16. Nd5 Kh8 17. f4 a6 18. f5 f6 19. Bb1 b5 20. Rc3 bxc4 21. bxc4 Ra7 22. Rh3 Qe8 23. g4 Qf7 24. g5 fxg5 25. Qg4 Rb8 26. f6 gxf6 27. Nxf6 Qg6 28. Nd5 Rf7 29. Qd1 Rbf8 30. Rxf7 Qxf7 31. Rg3 Qf2+ 32. Kh1 Ne2 33. Rxg5 Qf3+ 34. Rg2 Ng3+ 35. hxg3 Qxd1+ 36. Kh2 0-1

[Event "Titled Tuesday intern op 04th Feb Early"]
[Site "Chess.com INT"]
[Date "2025.02.04"]
[Round "3"]
[White "Veloso, Henrique Barbosa"]
[Black "Aguero Jimenez, Luis Lazaro"]
[Result "0-1"]
[WhiteElo "2221"]
[BlackElo "2473"]
[PlyCount "58"]
[EventDate "2025.02.04"]
[EventType "swiss (blitz)"]
[EventRounds "11"]
[EventCountry "USA"]
[SourceTitle "CB07_2025"]
[SourceDate "2025.02.12"]
[SourceVersion "1"]
[SourceVersionDate "2025.02.12"]
[SourceQuality "1"]

1. d4 d5 2. c4 c6 3. Nf3 Nf6 4. e3 e6 5. Bd3 Nbd7 6. 0-0 Bd6 7. Nc3 0-0 8. e4 dxe4 9. Nxe4 Nxe4 10. Bxe4 Qe7 11. Bc2 e5 12. Re1 Re8 13. Qd3 g6 14. Bf4 f6 15. Rad1 Bc7 16. h4 Qf7 17. dxe5 Nxe5 18. Bxe5 Bxe5 19. Bb3 Bf5 20. Qd2 Kg7 21. c5 Qc7 22. Nxe5 Rxe5 23. Rxe5 Qxe5 24. Qb4 Qc7 25. Rd6 Re8 26. g4 Re4 27. Qd2 Rxg4+ 28. Kf1 Rxh4 29. Qc3 Qe7 0-1

[Event "Titled Tuesday intern op 28th Jan Early"]
[Site "Chess.com INT"]
[Date "2025.01.28"]
[Round "2"]
[White "Nagare, Akhilesh"]
[Black "Aguero Jimenez, Luis Lazaro"]
[Result "0-1"]
[WhiteElo "2211"]
[BlackElo "2479"]
[PlyCount "64"]
[EventDate "2025.01.28"]
[EventType "swiss (blitz)"]
[EventRounds "11"]
[EventCountry "USA"]
[SourceTitle "CB06_2025"]
[SourceDate "2025.02.05"]
[SourceVersion "1"]
[SourceVersionDate "2025.02.05"]
[SourceQuality "1"]

1. e4 d5 2. exd5 Qxd5 3. Nc3 Qd6 4. Ne4 Qd8 5. d4 Nf6 6. Nxf6+ exf6 7. c3 Bd6 8. Bd3 0-0 9. Be3 Re8 10. Ne2 h5 11. Qc2 Nd7 12. 0-0-0 Nf8 13. Rde1 Rb8 14. Nf4 h4 15. Nh5 b5 16. Qe2 c6 17. h3 Be6 18. g3 hxg3 19. Reg1 Bxa2 20. Nxg7 Kxg7 21. Qh5 Rxe3 22. fxe3 Ng6 23. Qf3 Bd5 24. e4 Bc4 25. e5 fxe5 26. Rxg3 Bxd3 27. Rhg1 e4 28. Rxg6+ fxg6 29. Qf5 Qf6 30. Qd7+ Be7 31. b3 Rd8 32. Qc7 Qd6 0-1

[Event "Titled Tuesday intern op 18th Jun Late"]
[Site "Chess.com INT"]
[Date "2024.06.18"]
[Round "2"]
[White "Aguero Jimenez, Luis Lazaro"]
[Black "Weisz, Bryan"]
[Result "0-1"]
[WhiteElo "2479"]
[BlackElo "2003"]
[PlyCount "84"]
[EventDate "2024.06.18"]
[EventType "swiss (blitz)"]
[EventRounds "11"]
[EventCountry "USA"]
[SourceTitle "EXT 2025"]
[Source "ChessBase"]
[SourceDate "2024.10.14"]
[SourceVersion "1"]
[SourceVersionDate "2024.10.14"]
[SourceQuality "1"]

1. e4 d6 2. d4 Nd7 3. Nc3 e5 4. Nf3 Ngf6 5. Rg1 h5 6. Bc4 c6 7. a4 Be7 8. h3 Qc7 9. Ng5 d5 10. exd5 cxd5 11. Bxd5 Nxd5 12. Nxd5 Qa5+ 13. Nc3 exd4 14. Qxd4 Bxg5 15. Qxg7 Bf6 16. Qg3 Qe5+ 17. Qxe5+ Bxe5 18. Bd2 Nf6 19. 0-0-0 Be6 20. Rge1 Bb8 21. Nb5 0-0 22. Nd4 Re8 23. Bg5 Nd5 24. Nxe6 Rxe6 25. g3 Bc7 26. Rxe6 fxe6 27. c4 Nb6 28. b3 a5 29. Be3 Rd8 30. Re1 Nd7 31. Bg5 Re8 32. f4 Nc5 33. Kc2 Bd8 34. Re5 b6 35. Bxd8 Rxd8 36. Rxh5 Rd4 37. f5 e5 38. f6 e4 39. g4 e3 40. Re5 Ne4 41. g5 e2 42. g6 Rd2+ 0-1

[Event "Titled Tuesday intern op 18th Jun Late"]
[Site "Chess.com INT"]
[Date "2024.06.18"]
[Round "1"]
[White "Ozcan, Kaan"]
[Black "Aguero Jimenez, Luis Lazaro"]
[Result "1-0"]
[WhiteElo "2227"]
[BlackElo "2479"]
[PlyCount "83"]
[EventDate "2024.06.18"]
[EventType "swiss (blitz)"]
[EventRounds "11"]
[EventCountry "USA"]
[SourceTitle "EXT 2025"]
[Source "ChessBase"]
[SourceDate "2024.10.14"]
[SourceVersion "1"]
[SourceVersionDate "2024.10.14"]
[SourceQuality "1"]

1. d4 d5 2. c4 dxc4 3. e3 Nf6 4. Bxc4 a6 5. a4 e6 6. Nf3 c5 7. 0-0 Nc6 8. Nc3 Qc7 9. Bb3 Bd6 10. Re1 0-0 11. h3 b6 12. d5 exd5 13. Nxd5 Nxd5 14. Bxd5 Bb7 15. e4 Rad8 16. Be3 Nb4 17. Bxb7 Bh2+ 18. Nxh2 Rxd1 19. Raxd1 Qxb7 20. Bf4 Nc2 21. Re2 Nd4 22. Re3 Re8 23. Nf3 Rxe4 24. Nxd4 Rxe3 25. Bxe3 cxd4 26. Rxd4 h6 27. Rd8+ Kh7 28. Rd6 b5 29. Rb6 Qd7 30. a5 Qd1+ 31. Kh2 Qe2 32. b4 Qc4 33. Bc5 Qf4+ 34. g3 Qc4 35. Rxa6 h5 36. h4 f6 37. Ra7 Kh6 38. Be3+ Kg6 39. Bc5 Kh6 40. a6 Qa2 41. Ra8 Kg6 42. a7 1-0

[Event "Guillermo Garcia Memorial-A"]
[Site "Santa Clara"]
[Date "2024.05.18"]
[Round "6"]
[White "Aguero Jimenez, Luis Lazaro"]
[Black "Vazquez Igarza, Renier"]
[Result "1-0"]
[WhiteElo "2474"]
[BlackElo "2503"]
[PlyCount "45"]
[EventDate "2024.05.14"]
[EventType "tourn"]
[EventRounds "9"]
[EventCountry "CUB"]
[EventCategory "6"]
[SourceTitle "CBM 220 Extra"]
[Source "ChessBase"]
[SourceDate "2024.07.31"]
[SourceVersion "1"]
[SourceVersionDate "2024.07.31"]
[SourceQuality "1"]

1. e4 e5 2. Nf3 Nc6 3. Bb5 a6 4. Ba4 Nf6 5. 0-0 b5 6. Bb3 Bc5 7. a4 Rb8 8. axb5 axb5 9. Nxe5 Nxe5 10. d4 Bxd4 11. Qxd4 d6 12. f4 Nc6 13. Qc3 Ne7 14. e5 Ne4 15. Qe1 Nc5 16. Ba2 0-0 17. b4 Na4 18. Nc3 Nxc3 19. Qxc3 Rb6 20. e6 fxe6 21. Bd2 Rf7 22. f5 Nd5 23. Qg3 1-0

[Event "Guillermo Garcia Memorial-A"]
[Site "Santa Clara"]
[Date "2024.05.17"]
[Round "4"]
[White "Aguero Jimenez, Luis Lazaro"]
[Black "Martinez Duany, Lelys Stanley"]
[Result "1-0"]
[WhiteElo "2474"]
[BlackElo "2456"]
[PlyCount "129"]
[EventDate "2024.05.14"]
[EventType "tourn"]
[EventRounds "9"]
[EventCountry "CUB"]
[EventCategory "6"]
[SourceTitle "CBM 220 Extra"]
[Source "ChessBase"]
[SourceDate "2024.07.31"]
[SourceVersion "1"]
[SourceVersionDate "2024.07.31"]
[SourceQuality "1"]

1. e4 e5 2. Nf3 Nc6 3. Bc4 Nf6 4. Ng5 d5 5. exd5 Na5 6. Bb5+ c6 7. dxc6 bxc6 8. Bd3 Nd5 9. Nf3 Bd6 10. 0-0 Nf4 11. Nc3 Nxd3 12. cxd3 0-0 13. Ne4 c5 14. b3 Re8 15. Ba3 Bf8 16. Nxc5 Bg4 17. h3 Bh5 18. Rc1 Qd5 19. g4 Bg6 20. Ne1 Rad8 21. Qf3 Qxf3 22. Nxf3 Bxd3 23. Rfe1 e4 24. Ne5 Rxe5 25. Nxd3 Ree8 26. Bxf8 Kxf8 27. Nc5 Rd4 28. Re3 g6 29. Kg2 f5 30. gxf5 gxf5 31. d3 Kf7 32. dxe4 fxe4 33. Rce1 Rg8+ 34. Kf1 Nc6 35. Rxe4 Rxe4 36. Rxe4 Rg5 37. Nd3 Ra5 38. Rc4 Ne7 39. a4 Rh5 40. Kg2 Rd5 41. Nb4 Rg5+ 42. Kf3 a5 43. Nd3 Rh5 44. Nf4 Re5 45. Nd3 Rh5 46. h4 Rd5 47. Ke4 Rh5 48. Ne5+ Kf6 49. Nf3 Ke6 50. Kf4 Rf5+ 51. Kg3 Rd5 52. Ng5+ Kf6 53. Nxh7+ Ke5 54. Ng5 Rd3+ 55. Kg4 Rxb3 56. Rc5+ Kf6 57. Rxa5 Rb4+ 58. f4 Ng6 59. Ra6+ Kg7 60. Ra7+ Kg8 61. Ne6 Ne5+ 62. Kg5 Nc6 63. Rc7 Nd4 64. Nxd4 Rxd4 65. Ra7 1-0

[Event "Guillermo Garcia Memorial-A"]
[Site "Santa Clara"]
[Date "2024.05.15"]
[Round "2"]
[White "Aguero Jimenez, Luis Lazaro"]
[Black "Duran Vega, Sergio"]
[Result "1-0"]
[WhiteElo "2474"]
[BlackElo "2356"]
[PlyCount "43"]
[EventDate "2024.05.14"]
[EventType "tourn"]
[EventRounds "9"]
[EventCountry "CUB"]
[EventCategory "6"]
[SourceTitle "CBM 220 Extra"]
[Source "ChessBase"]
[SourceDate "2024.07.31"]
[SourceVersion "1"]
[SourceVersionDate "2024.07.31"]
[SourceQuality "1"]

1. e4 c5 2. Nf3 Nc6 3. Nc3 g6 4. d4 cxd4 5. Nxd4 Bg7 6. Be3 Nf6 7. Bc4 0-0 8. Bb3 d6 9. f3 Qa5 10. Qd2 Nxd4 11. Bxd4 Be6 12. 0-0-0 b5 13. Kb1 Bxb3 14. cxb3 b4 15. Bxf6 exf6 16. Nd5 Rfe8 17. g4 Rab8 18. h4 Qd8 19. h5 a5 20. hxg6 fxg6 21. Nf4 Qe7 22. Qh2 1-0

[Event "Capablanca Memorial op 57th"]
[Site "Havana"]
[Date "2024.05.05"]
[Round "3"]
[White "Aguero Jimenez, Luis Lazaro"]
[Black "Leon Valdes, Jony Wilson"]
[Result "1-0"]
[WhiteElo "2474"]
[BlackElo "2311"]
[PlyCount "117"]
[EventDate "2024.05.03"]
[EventType "swiss"]
[EventRounds "10"]
[EventCountry "CUB"]
[SourceTitle "EXT 2025"]
[Source "ChessBase"]
[SourceDate "2024.10.14"]
[SourceVersion "1"]
[SourceVersionDate "2024.10.14"]
[SourceQuality "1"]

1. d4 e6 2. Nf3 Nf6 3. g3 b6 4. Bg2 Bb7 5. 0-0 Be7 6. c4 0-0 7. d5 exd5 8. Nh4 c6 9. cxd5 Nxd5 10. Nf5 Nc7 11. e4 d5 12. Nc3 Bf6 13. exd5 cxd5 14. Bf4 Nba6 15. Rc1 Bc8 16. Qh5 g6 17. Nh6+ Kg7 18. Qf3 Bg5 19. Ng4 Bxf4 20. Qxf4 Bxg4 21. Qxg4 Qf6 22. Bxd5 Rad8 23. Bg2 Rd4 24. Qf3 Qxf3 25. Bxf3 Rd2 26. Rfd1 Rfd8 27. Ne4 Rxd1+ 28. Rxd1 Rxd1+ 29. Bxd1 Nb4 30. a3 Nd3 31. b4 f5 32. Nd6 Kf6 33. Be2 Ne1 34. b5 Nc2 35. a4 Nd4 36. Bc4 Nce6 37. Nc8 Nc5 38. Nxa7 Nxa4 39. f4 Nc5 40. Kf2 h6 41. Nc8 Nd7 42. Ke3 Nc2+ 43. Kd3 Ne1+ 44. Kd4 Nc2+ 45. Kd5 Ne3+ 46. Kd6 Nxc4+ 47. Kxd7 g5 48. Kc6 gxf4 49. gxf4 Kg6 50. Nxb6 Na5+ 51. Kd5 Kh5 52. Nc4 Nb7 53. Kc6 Nd8+ 54. Kc7 Ne6+ 55. Kd6 Nd8 56. Na5 Kg4 57. Kd7 Kxf4 58. Kxd8 Ke4 59. b6 1-0

[Event "Velez"]
[Site "Velez"]
[Date "2023.11.07"]
[Round "1"]
[White "Espinoza Pacheco, Aldrin Leo"]
[Black "Aguero Jimenez, Luis Lazaro"]
[Result "0-1"]
[WhiteElo "2039"]
[BlackElo "2450"]
[PlyCount "98"]
[EventDate "2023.11.07"]
[EventType "tourn"]
[EventRounds "7"]
[EventCountry "COL"]
[SourceTitle "CBM 217 Extra"]
[Source "ChessBase"]
[SourceDate "2024.01.31"]
[SourceVersion "1"]
[SourceVersionDate "2024.01.31"]
[SourceQuality "1"]

1. d4 Nf6 2. c4 g6 3. f3 c5 4. d5 b5 5. cxb5 a6 6. e4 d6 7. Nc3 Bg7 8. Bc4 0-0 9. Nge2 Nbd7 10. 0-0 Ne5 11. b3 Nfd7 12. f4 Nxc4 13. bxc4 Qa5 14. Bd2 Qb4 15. Rb1 Qxc4 16. b6 Rb8 17. Qa4 Qxa4 18. Nxa4 f5 19. e5 Bb7 20. Nec3 dxe5 21. fxe5 Bxe5 22. Rfe1 Bd6 23. Bg5 Nf6 24. Bxf6 exf6 25. Re6 Be5 26. Re1 Rfe8 27. R1xe5 fxe5 28. Rxe8+ Rxe8 29. Nxc5 Rb8 30. Nd7 Rc8 31. Na4 Rc4 32. Nac5 Bxd5 33. Nxa6 Rc1+ 34. Kf2 Rc2+ 35. Ke1 Bxg2 36. a4 f4 37. Nb4 Rc4 38. Nd3 Rxa4 39. N3xe5 Kg7 40. Nd3 g5 41. N7c5 Ra1+ 42. Kf2 Ra2+ 43. Kg1 Bf3 44. h4 g4 45. Ne6+ Kf6 46. Nd4 Rd2 47. Nxf3 Rxd3 48. Ng5 Rb3 49. Nxh7+ Ke5 0-1

[Event "Velez Rapid op 10th"]
[Site "Velez Santander"]
[Date "2023.11.06"]
[Round "1"]
[White "Aguero Jimenez, Luis Lazaro"]
[Black "Castro Lombana, Juan Pablo"]
[Result "1-0"]
[WhiteElo "2450"]
[BlackElo "1711"]
[PlyCount "64"]
[EventDate "2023.11.06"]
[EventType "swiss (rapid)"]
[EventRounds "10"]
[EventCountry "COL"]
[SourceTitle "CBM 217 Extra"]
[Source "ChessBase"]
[SourceDate "2024.01.31"]
[SourceVersion "1"]
[SourceVersionDate "2024.01.31"]
[SourceQuality "1"]

1. e4 e6 2. d4 d5 3. Nc3 Nf6 4. e5 Nfd7 5. f4 c5 6. Nf3 Nc6 7. Be3 Be7 8. Qd2 0-0 9. h4 Rb8 10. h5 c4 11. g4 b5 12. Bh3 b4 13. Ne2 Nb6 14. b3 Ba6 15. f5 exf5 16. gxf5 Bh4+ 17. Bf2 Bxf2+ 18. Kxf2 Kh8 19. Nf4 Qc7 20. Rag1 cxb3 21. cxb3 Na5 22. Rc1 Qe7 23. Rc5 Nb7 24. Rc6 Rfc8 25. f6 gxf6 26. Bxc8 Rxc8 27. exf6 Qd7 28. Ne5 Qe8 29. Rxc8 Qxc8 30. Nxf7+ Kg8 31. Nh6+ Kf8 32. Rg1 Qd8 1-0

[Event "Velez Rapid op 10th"]
[Site "Velez Santander"]
[Date "2023.11.06"]
[Round "2"]
[White "Rubiano Suarez, Carlos Alberto"]
[Black "Aguero Jimenez, Luis Lazaro"]
[Result "0-1"]
[WhiteElo "1813"]
[BlackElo "2450"]
[PlyCount "96"]
[EventDate "2023.11.06"]
[EventType "swiss (rapid)"]
[EventRounds "10"]
[EventCountry "COL"]
[SourceTitle "CBM 217 Extra"]
[Source "ChessBase"]
[SourceDate "2024.01.31"]
[SourceVersion "1"]
[SourceVersionDate "2024.01.31"]
[SourceQuality "1"]

1. d4 d5 2. Bf4 Bf5 3. e3 e6 4. Nf3 Nf6 5. Be2 Bd6 6. Bg3 h6 7. Nbd2 Nbd7 8. Ne5 0-0 9. 0-0 Qe7 10. c4 c5 11. f4 Ne4 12. Nxe4 Bxe4 13. Bf3 Bxf3 14. Qxf3 cxd4 15. cxd5 dxe3 16. dxe6 Qxe6 17. Nxd7 Qxd7 18. Qxe3 Qb5 19. Qb3 Qxb3 20. axb3 Rfe8 21. Rfe1 a6 22. Rad1 Bb4 23. Rxe8+ Rxe8 24. Kf2 Bc5+ 25. Kf1 Re4 26. Rd3 g6 27. Rc3 b6 28. Rf3 Bd4 29. Bf2 f5 30. Bxd4 Rxd4 31. Ke2 Kf7 32. g3 Ke6 33. Rd3 Kd5 34. Re3 Re4 35. Kd3 Rxe3+ 36. Kxe3 Kc5 37. Kd3 Kb4 38. Kc2 h5 39. h3 a5 40. h4 b5 41. Kc1 Kxb3 42. Kb1 a4 43. Ka1 Kc2 44. Ka2 b4 45. Ka1 Kd3 46. Kb1 Ke3 47. Kc2 Ke2 48. Kc1 Kf3 0-1

[Event "Velez Rapid op 10th"]
[Site "Velez Santander"]
[Date "2023.11.06"]
[Round "4"]
[White "Soto, Cristian Camilo"]
[Black "Aguero Jimenez, Luis Lazaro"]
[Result "1/2-1/2"]
[WhiteElo "2112"]
[BlackElo "2450"]
[PlyCount "55"]
[EventDate "2023.11.06"]
[EventType "swiss (rapid)"]
[EventRounds "10"]
[EventCountry "COL"]
[SourceTitle "CBM 217 Extra"]
[Source "ChessBase"]
[SourceDate "2024.01.31"]
[SourceVersion "1"]
[SourceVersionDate "2024.01.31"]
[SourceQuality "1"]

1. c4 e6 2. e4 d5 3. exd5 exd5 4. d4 Nf6 5. Nf3 Bb4+ 6. Bd2 Bxd2+ 7. Nbxd2 0-0 8. Be2 Bf5 9. 0-0 dxc4 10. Nxc4 Nc6 11. Ne3 Be4 12. Rc1 Nd5 13. Bd3 Bxd3 14. Qxd3 Nf4 15. Qd2 Rc8 16. d5 Ne7 17. Rfd1 Qd6 18. Rc4 Nfg6 19. Qb4 Qxb4 20. Rxb4 b6 21. Rbd4 Rfd8 22. d6 cxd6 23. Rxd6 Rxd6 24. Rxd6 Rc1+ 25. Rd1 Rxd1+ 26. Nxd1 Nd5 27. Kf1 Kf8 28. g3 1/2-1/2

[Event "Velez op 10th"]
[Site "Velez Santander"]
[Date "2023.11.02"]
[Round "4"]
[White "Brizuela Abreu, Ronald Jesus"]
[Black "Aguero Jimenez, Luis Lazaro"]
[Result "0-1"]
[WhiteElo "2326"]
[BlackElo "2450"]
[PlyCount "80"]
[EventDate "2023.11.01"]
[EventType "swiss"]
[EventRounds "10"]
[EventCountry "COL"]
[SourceTitle "CBM 217 Extra"]
[Source "ChessBase"]
[SourceDate "2024.01.31"]
[SourceVersion "1"]
[SourceVersionDate "2024.01.31"]
[SourceQuality "1"]

1. c4 e5 2. Nc3 Nc6 3. Nf3 f5 4. e3 Nf6 5. d4 e4 6. Nd2 Bb4 7. Qb3 d6 8. Be2 f4 9. a3 fxe3 10. fxe3 Bxc3 11. Qxc3 0-0 12. 0-0 Bg4 13. Bxg4 Nxg4 14. h3 Nf6 15. b3 Qe8 16. Bb2 Ne7 17. Rf2 Qg6 18. Raf1 Nh5 19. Rxf8+ Rxf8 20. Rxf8+ Kxf8 21. Qa5 b6 22. Qxa7 Qg3 23. Nf1 Qe1 24. Bc3 Qxc3 25. Qxc7 Qxb3 26. Qxd6 Qxc4 27. Qxb6 Nf6 28. Qa7 Qc1 29. Qb8+ Kf7 30. Qb3+ Ned5 31. a4 Qe1 32. Qa2 Kg6 33. Qf2 Qxf2+ 34. Kxf2 Kf5 35. a5 Nb4 36. Ke2 Ke6 37. Kd2 Kd6 38. Kc3 Nbd5+ 39. Kc4 Kc6 40. g4 h6 0-1

[Event "Medellin Flores op 30th"]
[Site "Medellin"]
[Date "2023.08.07"]
[Round "8"]
[White "Cordoba Roa, Angel Gabriel"]
[Black "Aguero Jimenez, Luis Lazaro"]
[Result "1/2-1/2"]
[WhiteElo "2258"]
[BlackElo "2454"]
[PlyCount "36"]
[EventDate "2023.08.03"]
[EventType "swiss"]
[EventRounds "9"]
[EventCountry "COL"]
[SourceTitle "CBM 215 Extra"]
[Source "ChessBase"]
[SourceDate "2023.09.30"]
[SourceVersion "1"]
[SourceVersionDate "2023.09.30"]
[SourceQuality "1"]

1. e4 c5 2. Nf3 a6 3. c3 d5 4. exd5 Qxd5 5. d4 Nf6 6. Be3 cxd4 7. cxd4 e6 8. Nc3 Qd8 9. Be2 Nc6 10. 0-0 Be7 11. a3 0-0 12. Ne5 Bd7 13. Bf3 Bd6 14. Nxd7 Qxd7 15. d5 Ne5 16. dxe6 Qxe6 17. Re1 Rad8 18. Qe2 Nxf3+ 1/2-1/2

[Event "Medellin Flores op 30th"]
[Site "Medellin"]
[Date "2023.08.06"]
[Round "6"]
[White "Aguero Jimenez, Luis Lazaro"]
[Black "Blanco Fernandez, Lino Orlando"]
[Result "1-0"]
[WhiteElo "2454"]
[BlackElo "2294"]
[PlyCount "57"]
[EventDate "2023.08.03"]
[EventType "swiss"]
[EventRounds "9"]
[EventCountry "COL"]
[SourceTitle "CBM 215 Extra"]
[Source "ChessBase"]
[SourceDate "2023.09.30"]
[SourceVersion "1"]
[SourceVersionDate "2023.09.30"]
[SourceQuality "1"]

1. e4 e5 2. Nf3 d6 3. d4 Nf6 4. Nc3 Nbd7 5. Rg1 g6 6. g4 Bg7 7. g5 Nh5 8. Be3 c6 9. Qd2 0-0 10. 0-0-0 Qa5 11. Kb1 Re8 12. a3 Rb8 13. dxe5 dxe5 14. Nb5 Qxd2 15. Rxd2 cxb5 16. Bxb5 Re7 17. Rgd1 Nf8 18. Bxa7 Ra8 19. Bc5 Bg4 20. Bxe7 Bxf3 21. Rd8 Rxd8 22. Rxd8 Bxe4 23. a4 Nf4 24. a5 N4e6 25. Rc8 Nd4 26. Bd3 Bd5 27. b4 e4 28. Bc4 Nc6 29. Bxf8 1-0